000 00857nam a22002297a 4500
005 20240530110608.0
008 160217s2012 ku aek g 000 0 ara d
017 _a2011/4/1315
_bالكويت . دائرة المكتبة الوطنية
020 _a9789957171353
040 _aEG-CaGPL
082 0 4 _221
_a515.3 \
_bأ ط
100 0 _aابوبكر احمد السيد
245 1 2 _aالطرق العددية و التحليل العددى /
_cابوبكر احمد السيد
250 _aط1
260 _aالكويت :
_bمكتبة الفلاح للنشر و التوزيع ،
_c2012 .
300 _a439 ص :
_bايض ؛
_c24 سم +
_eملاحق .
650 4 0 _aالتحليل العددى
650 4 0 _aالتكامل العددى
650 4 0 _aالتفاضل العددى
942 _2ddc
_cBK
999 _c62797
_d62797